The story of George Gershwin

Αποθηκεύτηκε σε:
Λεπτομέρειες βιβλιογραφικής εγγραφής
Κύριος συγγραφέας: Ewen, David, 1907-1985
Άλλοι συγγραφείς: Bernbach, Graham (Εικονογράφος)
Μορφή: Βιβλίο
Γλώσσα:English
Δημοσίευση: New York : Henry Holt and Company, [1950]
Θέματα:
Ετικέτες: Προσθήκη ετικέτας
Δεν υπάρχουν, Καταχωρήστε ετικέτα πρώτοι!

MARC

LEADER 00000cam a2200000 i 4500
001 1/94841
008 081002s1950 eng d
035 |l 10100593 
040 |a GR-MY-UA  |b gre  |e aacr 
041 0 |a eng 
082 0 |a 927.8  |2 (22) 
100 1 |a Ewen, David,   |d 1907-1985. 
245 1 4 |a The story of George Gershwin /  |c by David Ewen ; illustrated by Graham Bernbach 
260 |a New York :   |b Henry Holt and Company,   |c [1950] 
300 |a 211 σ.;  |c 20 εκ. 
600 1 0 |a Gershwin, George,   |d 1898-1937. 
650 0 0 |a Biography. 
650 0 0 |a Composers  |z United States  |x Biography. 
700 1 |a Bernbach, Graham.  |4 ill 
852 |a INST  |b RHODES  |c AKA  |e 20081002  |h  927.8 EWE  |p 005400030853  |q 005400030853  |t BK  |y 0 
901 |a BIBL4-2008-3 
909 |a Ρ  |b 153164 
970 |a ΚΟΖΑ  |b ΜΑΡΙΑ  |z 2008/10/02